[Event "TCh-TUR 2011"]
[Site "Konya TUR"]
[Date "2011.07.01"]
[Round "4"]
[White "Hasbay,Erim"]
[Black "Yuksel,A"]
[Result "1-0"]
[WhiteElo "1651"]
[BlackElo "2035"]

1.e4 c5 2.Nf3 Nc6 3.d4 cxd4 4.Nxd4 Nf6 5.Nc3 d6 6.Bg5 e6 7.Qd2 a6 8.O-O-O Bd7
9.f4 b5 10.Bxf6 gxf6 11.Nxc6 Bxc6 12.Qe1 h5 13.Nd5 Bb7 14.Nb4 Rc8 15.Kb1 Qa5
16.a3 Qc7 17.Bd3 Qc5 18.Qe2 h4 19.f5 e5 20.c3 Bh6 21.Bc2 Ke7 22.Bb3 Rcd8
23.Bd5 a5 24.Bxb7 axb4 25.cxb4 Qb6 26.Bd5 Bf4 27.Qd3 Rhg8 28.Qb3 Rdf8 29.Rdg1 Rg7
30.g3 Be3 31.Re1 Bf2 32.Rc1 hxg3 33.hxg3 Rxg3 34.Qc2 Bd4 35.Qc7+ Qxc7 36.Rxc7+ Kd8
37.Rhc1 Rg1 38.Rc8+ Ke7 39.Rxf8 Rxc1+ 40.Kxc1 Kxf8 41.Bc6 Ke7 42.Bxb5 d5
43.Bc6 dxe4 44.Bxe4 Kd6 45.a4 Bf2 46.Kc2 Be3 47.Kd3 Bg1 48.Kc4 Bf2 49.a5 Be3
50.b5 Bd2 51.b4 Kc7 52.b6+  1-0

[Event "6th Dvorkovich Cup"]
[Site "Moscow RUS"]
[Date "2011.07.01"]
[Round "10.10"]
[White "Oparin,G"]
[Black "Tilicheev,V"]
[Result "0-1"]
[WhiteElo "2368"]
[BlackElo "2361"]

1.e4 c5 2.Nf3 d6 3.d4 cxd4 4.Nxd4 Nf6 5.Nc3 Nc6 6.Bg5 e6 7.Qd2 a6 8.O-O-O Bd7
9.f3 Be7 10.Kb1 b5 11.Nxc6 Bxc6 12.h4 h6 13.Be3 h5 14.Ne2 Qc7 15.Nd4 Rc8
16.Nxc6 Qxc6 17.Bd4 e5 18.Be3 Nd7 19.g3 Nb6 20.b3 O-O 21.Rh2 d5 22.Bxb6 Qxb6
23.exd5 e4 24.fxe4 Bf6 25.Rf2 Qd6 26.Rxf6 Qxf6 27.Bd3 Qe5 28.Rg1 Rfe8 29.g4 Qd4
30.Rg2 hxg4 31.Rxg4 f5 32.Rf4 fxe4 33.Qg2 Qe3 34.Rxe4 Rxe4 35.Qxe4 Qxe4 36.Bxe4 Kf7
37.h5 Kf6 38.a3 Ke5 39.Bg6 a5 40.Kb2 Kxd5 41.Bd3 b4 42.axb4 axb4 43.Bg6 Kd4
44.Bf7 Rf8 45.Bg6 Rf2 46.Be8 Ke3 47.Bg6 Kd2 48.Bd3 Rf6 49.Bg6 Rc6 50.Be4 Rc7
51.Bf5 Rc5 52.Bg6 Rg5 53.Bf7 Re5  0-1

[Event "TCh-TUR 2011"]
[Site "Konya TUR"]
[Date "2011.07.02"]
[Round "5"]
[White "Sanal,V"]
[Black "Hasbay,Erim"]
[Result "1-0"]
[WhiteElo "2210"]
[BlackElo "1651"]

1.e4 c5 2.Nf3 d6 3.d4 cxd4 4.Nxd4 Nf6 5.Nc3 Nc6 6.Bg5 e6 7.Qd2 a6 8.O-O-O Bd7
9.f4 b5 10.Qe1 Nxd4 11.Rxd4 Qb6 12.Qd2 b4 13.Nd1 a5 14.Ne3 Qb7 15.Bxf6 gxf6
16.Nc4 a4 17.Be2 Rb8 18.b3 axb3 19.cxb3 Rc8 20.Kb2 Bc6 21.Na5 Qa8 22.Nxc6 Qxc6
23.Rxb4 Qa8 24.Bb5+ Ke7 25.Rd1 Rd8 26.Qc2 Bh6 27.Qc7+ Kf8 28.g3 Kg7 29.Ra4 Qc8
30.Ra7 Qxc7 31.Rxc7 Rb8 32.Bc4 Rhe8 33.Rxd6 Rbd8 34.Rxd8 Rxd8 35.Bxe6 Rd2+
36.Kb1 Rxh2 37.Rxf7+ Kg6 38.Rd7 Rh3  1-0

[Event "Ladislava Kotana Mem"]
[Site "Kosice SVK"]
[Date "2011.07.02"]
[Round "9"]
[White "Zambor,N"]
[Black "Krak,T"]
[Result "1-0"]
[WhiteElo "2280"]
[BlackElo "2270"]

1.e4 c5 2.Nf3 Nc6 3.d4 cxd4 4.Nxd4 Nf6 5.Nc3 d6 6.Bg5 e6 7.Qd2 a6 8.O-O-O h6
9.Be3 Bd7 10.f3 b5 11.g4 Ne5 12.Bd3 Qc7 13.Kb1 b4 14.Nce2 d5 15.exd5 Nxd5
16.Nf4 Nxe3 17.Qxe3 Bd6 18.Nh5 O-O 19.g5 Nxd3 20.gxh6 Bf4 21.Rhg1 Qe5 22.Rxg7+ Qxg7
23.Rg1 Qg6 24.Rxg6+ fxg6 25.Qxd3 Kh7 26.Ne2 Bb5 27.Qe4 Bxh6 28.Nef4 Bxf4
29.Nxf4 Ra7 30.Qxg6+ Kh8 31.Nxe6  1-0

[Event "ch-BEL"]
[Site "Antwerp BEL"]
[Date "2011.07.03"]
[Round "2.2"]
[White "Hautot,S"]
[Black "Popovic,Pe"]
[Result "1/2-1/2"]
[WhiteElo "2405"]
[BlackElo "2489"]

1.e4 c5 2.Nf3 d6 3.d4 cxd4 4.Nxd4 Nf6 5.Nc3 Nc6 6.Bg5 e6 7.Qd2 a6 8.O-O-O Bd7
9.f3 Rc8 10.Kb1 Be7 11.h4 h6 12.Be3 h5 13.Nxc6 Rxc6 14.Ne2 e5 15.Bg5 Nh7
16.Bxe7 Qxe7 17.Nc3 Nf6  1/2-1/2

[Event "1st ch-CHN Rapid Prelim"]
[Site "Hefei CHN"]
[Date "2011.07.03"]
[Round "2"]
[White "Li Chao2"]
[Black "Wang Zili"]
[Result "0-1"]
[WhiteElo "2669"]
[BlackElo "2488"]

1.e4 c5 2.Nf3 d6 3.d4 Nf6 4.Nc3 cxd4 5.Nxd4 Nc6 6.Bg5 e6 7.Qd2 Be7 8.O-O-O O-O
9.f4 Nxd4 10.Qxd4 Qa5 11.e5 dxe5 12.Qxe5 Qxe5 13.fxe5 Nd5 14.Bxe7 Nxe7 15.Bd3 b6
16.Be4 Rb8 17.Rhe1 b5 18.g3 a5 19.Rd6 b4 20.Na4 Bb7 21.Bxb7 Rxb7 22.Ra6 Rb5
23.Nb6 Nc6 24.Nc4 Rc5 25.b3 g5 26.Rb6 Ra8 27.Kb2 Kg7 28.h4 h6 29.h5 Ra7 30.Re4 Rd7
31.a3 bxa3+ 32.Kxa3 Rdd5 33.Rb7 Nxe5 34.Ne3 Rd7 35.Rxd7 Nxd7 36.g4 Nf6 37.Rd4 Rc3
38.Nc4 Rxc2 39.Ka4 Rg2 40.Kxa5 Nxg4 41.b4 e5 42.Rd7 Ra2+ 43.Kb6 e4 44.Re7 Nf6
45.Kc5 Kf8 46.Rc7 g4 47.Rc8+ Ke7 48.Ne3 g3 49.Rc7+ Ke6 50.Rc6+ Ke5 51.Nc4+ Kf5
52.Kd4 g2 53.Ne3+ Kg5 54.Rc5+ Kh4 55.Rc1 Rd2+ 56.Ke5 Ng4+ 57.Kxe4 Re2 58.Kf3 Rxe3+
59.Kxg2 Rg3+ 60.Kf1 Rb3 61.Kg2 Rxb4 62.Kf3 f5 63.Rc5 Kg5  0-1

[Event "Karvina Open"]
[Site "Karvina CZE"]
[Date "2011.07.03"]
[Round "2"]
[White "Talla,V"]
[Black "Lys,J"]
[Result "1-0"]
[WhiteElo "2427"]
[BlackElo "2185"]

1.e4 c5 2.Nf3 Nc6 3.d4 cxd4 4.Nxd4 Nf6 5.Nc3 d6 6.Bg5 Qa5 7.Bxf6 gxf6 8.Nb3 Qd8
9.Qh5 a6 10.f4 b5 11.O-O-O Bb7 12.g3 Bg7 13.Bg2 b4 14.Nd5 e6 15.Ne3 Qc7 16.Nc4 Rd8
17.Rd2 Ne7 18.Ne3 O-O 19.Qa5 Qxa5 20.Nxa5 Ba8 21.Rhd1 e5 22.Rxd6 Rxd6 23.Rxd6 exf4
24.Nd5 Nxd5 25.exd5 fxg3 26.hxg3 f5 27.Nc4 a5 28.Ra6 Rd8 29.Rxa5 Bd4 30.Kd2 Bf2
31.Ne3 Bxg3 32.Nxf5 Bf4+ 33.Kd3 Bc1 34.c4 Bxb2 35.c5 Bf6 36.Kc4 h5 37.c6 h4
38.c7  1-0

[Event "ch-NOR"]
[Site "Oslo NOR"]
[Date "2011.07.03"]
[Round "2"]
[White "Thomassen,J"]
[Black "Groenn,A"]
[Result "1-0"]
[WhiteElo "2400"]
[BlackElo "2409"]

1.e4 c5 2.Nf3 Nc6 3.d4 cxd4 4.Nxd4 Nf6 5.Nc3 d6 6.Bg5 Bd7 7.f4 Qb6 8.Nb3 Qe3+
9.Qe2 Qxe2+ 10.Bxe2 Rc8 11.O-O-O h6 12.Bh4 Rg8 13.Bf2 g5 14.f5 h5 15.Kb1 Bg7
16.h3 Bh8 17.Nd2 Kd8 18.a3 Kc7 19.g4 hxg4 20.hxg4 Kb8 21.Nc4 Ne8 22.Nd5 e6
23.Nde3 Be5 24.Bg3  1-0

[Event "1st ch-CHN Rapid Prelim"]
[Site "Hefei CHN"]
[Date "2011.07.04"]
[Round "6"]
[White "Gao Rui"]
[Black "Xiu Deshun"]
[Result "1-0"]
[WhiteElo "2420"]
[BlackElo "2519"]

1.e4 c5 2.Nf3 d6 3.d4 cxd4 4.Nxd4 Nf6 5.Nc3 Nc6 6.Bg5 e6 7.Qd2 a6 8.O-O-O Bd7
9.f3 Be7 10.h4 h6 11.Be3 h5 12.Bg5 Ne5 13.f4 Neg4 14.Nf3 Bc6 15.Qe1 Qb6 16.Nd4 Rd8
17.Bc4 O-O 18.Bb3 Rfe8 19.Kb1 Qc5 20.Rf1 b5 21.f5 e5 22.Nxc6 Qxc6 23.Nd5 Rc8
24.Qe2 a5 25.a3 Qc5 26.Rf3 b4 27.a4 Bd8 28.Bxf6 Bxf6 29.Rg3 Kf8 30.Rxg4 hxg4
31.Qxg4 Qf2 32.g3 Red8 33.Qh5 g6 34.fxg6 Bg7 35.gxf7 Rd7 36.Qg4 Rcd8 37.Rd3 Rxf7
38.Ne3 Rf6 39.Nf5 Rd7 40.Nxg7  1-0

[Event "TCh-TUR 2011"]
[Site "Konya TUR"]
[Date "2011.07.04"]
[Round "7"]
[White "Gvetadze,Sopi"]
[Black "Melia,S"]
[Result "1/2-1/2"]
[WhiteElo "2330"]
[BlackElo "2444"]

1.e4 c5 2.Nf3 d6 3.d4 cxd4 4.Nxd4 Nf6 5.Nc3 Nc6 6.Bg5 e6 7.Qd2 Qb6 8.Nb3 Be7
9.Bxf6 Bxf6 10.Qxd6 Bd7 11.Qd2 Nd4 12.Rd1 O-O-O 13.Bd3 Bc6 14.O-O h5 15.Qe3 Qc7
16.Ne2 Nxe2+ 17.Bxe2 Rxd1 18.Rxd1 Qb6 19.Qf3 h4 20.h3 a5 21.c3 a4 22.Nd4 Rd8
23.Nxc6 Rxd1+ 24.Bxd1 Qxc6 25.Qd3 a3 26.bxa3 Qxc3 27.Qxc3+ Bxc3 28.Bh5 g6
29.Be2 Be5 30.Bb5 Kd8 31.a4 b6 32.Kf1 Ke7 33.Ke2 f5 34.Kf3 Kf6 35.Be8  1/2-1/2

[Event "TCh-TUR 2011"]
[Site "Konya TUR"]
[Date "2011.07.04"]
[Round "8"]
[White "Dastan,B"]
[Black "Baglan,E"]
[Result "1/2-1/2"]
[WhiteElo "2191"]
[BlackElo "1807"]

1.e4 c5 2.Nf3 Nc6 3.d4 cxd4 4.Nxd4 Nf6 5.Nc3 d6 6.Bg5 e6 7.Qd2 a6 8.O-O-O Bd7
9.f3 b5 10.Be3 h5 11.Nxc6 Bxc6 12.Bf4 b4 13.Ne2 e5 14.Bg5 Qa5 15.Kb1 Bd7
16.b3 h4 17.c3 d5 18.Bxf6 gxf6 19.Qxd5 Qxd5 20.Rxd5 Be6 21.Ra5 bxc3 22.Nc1 Bb4
23.Rxa6 Rxa6 24.Bxa6 Rg8 25.Bf1 Ke7 26.Kc2 Bc5 27.Ne2 Bb4 28.Nc1 Bc5 29.Nd3 Bd4
30.Ne1 Ra8 31.a4 Rb8 32.Bb5 Kd6 33.g4 h3 34.Nd3 Kc7 35.Rf1 Kb6 36.Nb4 Rg8
37.Nc6 Be3 38.Nb4 Bd4 39.Ra1 Rh8 40.Be2 Ra8 41.Bf1 Be3 42.Rd1 Bd4 43.Be2 Rc8
44.f4 Ka5 45.Na2 Rb8 46.Nc1 Rg8 47.f5 Bd7 48.Bf3 Bc6 49.Ne2 Rd8 50.Ng3 Kb4
51.Ne2 Ka5 52.Nc1 Rd7 53.Nd3 Kb6 54.Ra1 Ra7 55.Nc1 Be3 56.Ne2 Rd7 57.Rd1 Rd2+
58.Rxd2 cxd2 59.Ng3 Bf4 60.Nf1 Ka5 61.Nxd2 Bxh2 62.Kc3 Bf4 63.Nc4+ Ka6 64.Kb4 Kb7
65.Nd6+ Kc7 66.Nb5+ Bxb5 67.Kxb5 Be3 68.Kc4 Kc6 69.Bd1 h2 70.Bf3 Bf2 71.b4 Be1
72.b5+ Kb6 73.Kd5 Kc7 74.g5 fxg5 75.Kxe5 Bc3+ 76.Kd5 f6 77.e5 Bxe5 78.a5 Kb7
79.Ke4  1/2-1/2

[Event "39th World Open"]
[Site "Philadelphia USA"]
[Date "2011.07.04"]
[Round "8"]
[White "Most,E"]
[Black "Getz,A"]
[Result "0-1"]
[WhiteElo "2129"]
[BlackElo "2292"]

1.e4 c5 2.Nf3 Nc6 3.d4 cxd4 4.Nxd4 Nf6 5.Nc3 d6 6.Bg5 Qb6 7.Bxf6 gxf6 8.Nb3 Bd7
9.Qd2 e6 10.Be2 O-O-O 11.f4 h5 12.O-O-O h4 13.Rhg1 a6 14.Kb1 Be7 15.Bf3 Kb8
16.Rge1 Na5 17.Nxa5 Qxa5 18.Qf2 Rc8 19.Rd3 Rc4 20.Qd2 Bc6 21.e5 fxe5 22.Bxc6 Rxc6
23.fxe5 dxe5 24.Qe2 f6 25.Qg4 Bb4 26.Ree3 Qb6 27.a4 Rhc8 28.Ka2 Rc4 29.Qg7 Bxc3
30.Rxc3 Rxa4+ 31.Ra3 Rxc2 32.Qf8+ Ka7 33.Rb3 Rxa3+ 34.Qxa3 Qc5 35.Qa4 Rc4
36.Qd7 Qc6 37.Qe7 Ra4+ 38.Ra3 Qc4+ 39.Kb1 Rxa3 40.Qxa3 f5 41.Qe3+ Qd4 42.Qh6 Qg1+
43.Ka2 Qxg2 44.Qxe6 Qxh2 45.Qxf5 Qf4 46.Qd7 Qd4 47.Qh7 a5 48.Qh5 Kb6 49.Qh8 Qc4+
50.Ka1 Qa4+ 51.Kb1 Qd1+ 52.Ka2 Qd4 53.Kb1 a4 54.Ka2 Qd5+ 55.Kb1 h3 56.Qf6+ Ka7
57.Qh4 Qd1+ 58.Ka2 Qb3+ 59.Ka1 a3 60.Qf2+ b6 61.bxa3 Qxa3+ 62.Kb1 Qb3+ 63.Ka1 Qd1+
64.Ka2 Qd5+  0-1

[Event "6th Polonia Wroclaw Open A"]
[Site "Wroclaw POL"]
[Date "2011.07.04"]
[Round "1"]
[White "Stankiewicz,P"]
[Black "Dragun,K"]
[Result "0-1"]
[WhiteElo "2064"]
[BlackElo "2428"]

1.e4 c5 2.Nf3 d6 3.d4 cxd4 4.Nxd4 Nf6 5.Nc3 Nc6 6.Bg5 e6 7.Qd2 a6 8.O-O-O Bd7
9.f4 h6 10.Bxf6 Qxf6 11.Qe3 Qd8 12.Nxc6 bxc6 13.Bc4 Be7 14.Kb1 a5 15.f5 O-O
16.f6 Bxf6 17.Rxd6 Be5 18.Rd3 Qe7 19.Rhd1 Bc8 20.Qb6 Qb4 21.Qxb4 axb4 22.Ne2 c5
23.Rd8 Bb7 24.Rxa8 Rxa8 25.Bd3 Kf8 26.g3 Rd8 27.Re1 g5 28.Nc1 Ke7 29.Nb3 Bd4
30.Nxd4 Rxd4 31.b3 f6 32.Re3 Kd6 33.Kb2 Ke5 34.c3 bxc3+ 35.Kxc3 Bxe4 36.Bc4 f5
37.b4 cxb4+ 38.Kxb4 f4 39.gxf4+ gxf4 40.Re1 Kd6 41.Kc3 e5 42.a4 Bd5 43.Bb5 f3
44.Rf1 Kc5 45.Rb1 e4 46.a5 e3 47.a6 e2 48.a7 Rd1  0-1

[Event "6th Polonia Wroclaw Open A"]
[Site "Wroclaw POL"]
[Date "2011.07.04"]
[Round "1"]
[White "Cukrowski,F"]
[Black "Heberla,B"]
[Result "0-1"]
[WhiteElo "2113"]
[BlackElo "2539"]

1.e4 c5 2.Nf3 Nc6 3.d4 cxd4 4.Nxd4 Nf6 5.Nc3 d6 6.Bg5 e6 7.Qd2 a6 8.O-O-O Bd7
9.f4 h6 10.Bxf6 Qxf6 11.Nb3 Qd8 12.Kb1 Qc7 13.Be2 Be7 14.Rhf1 O-O-O 15.Rf3 Kb8
16.Qe3 Bf6 17.g4 g5 18.Qd3 Bc8 19.Qc4 gxf4 20.Rxf4 Bg7 21.Rff1 Rhf8 22.h4 Ne5
23.Qb4 Nc6 24.Qc4 Bd7 25.g5 hxg5 26.hxg5 Bc8 27.a3 Qb6 28.Bh5 Ne5 29.Qb4 Qc7
30.Be2 Nc6 31.Qc4 Rh8 32.Rh1 Qe7 33.Rxh8 Bxh8 34.Rf1 Rg8 35.Qd3 Rxg5 36.Na4 Qc7
37.Qe3 Rg2 38.Qf3 Rh2 39.Bd1 Rh7 40.Qg3 Be5 41.Qg8 Rg7 42.Qf8 Qe7 43.Qxe7 Nxe7
44.Nb6 Nc6 45.Bh5 Nd8 46.Nd2 Rh7 47.Bf3 Kc7 48.Ndc4 Bd7 49.Rd1 Nc6 50.Na8+ Kb8
51.Nab6 Be8 52.Bg2 Rh2 53.Bf1 Rh8 54.c3 Bg3 55.Ne3 Bf4 56.Nbc4 Kc7 57.Ng2 Bh2
58.Nce3 Ne5 59.Ne1 Bc6 60.Bg2 Rh4 61.N1c2 Bf4 62.Rd4 Ng4 63.Nxg4 Rxg4 64.Bf3 Rg3
65.Bh5 Be5 66.Rd2 f6 67.Re2 Kd7 68.Ka2 Rh3 69.Bg4 Rh4 70.Bf3 f5 71.Nb4 Bxe4
72.Bxe4 Rxe4 73.Rxe4 fxe4 74.Kb3 d5 75.Kc2 a5 76.Na2 Bf4 77.a4 Kc6 78.b4 b6
79.Kd1 e5 80.Ke2 d4 81.Kd1 Kd5  0-1

[Event "38th ch-IND w Challengers"]
[Site "Chennai IND"]
[Date "2011.07.05"]
[Round "5"]
[White "Michelle Catherina,P"]
[Black "Nimmy,A"]
[Result "0-1"]
[WhiteElo "2052"]
[BlackElo "2222"]

1.e4 c5 2.Nf3 d6 3.d4 cxd4 4.Nxd4 Nf6 5.Nc3 Nc6 6.Bg5 e6 7.Qd2 a6 8.O-O-O h6
9.Nxc6 bxc6 10.Bf4 d5 11.Qe3 Be7 12.Be2 O-O 13.h4 Nh7 14.g4 Bxh4 15.Kb1 Bg5
16.Bxg5 Qxg5 17.f4 Qe7 18.g5 d4 19.Qxd4 e5 20.Qg1 exf4 21.gxh6 g5 22.Rf1 Qe5
23.Bc4 Rb8 24.Nd1 a5 25.Rh2 Rd8 26.b3 a4 27.Qa7 Bd7 28.Nb2 Ra8 29.Qb7 axb3
30.cxb3 Be8 31.Nd3 Qxe4 32.Re1 Qf5 33.Re5 Qd7 34.Qb4 Qd4 35.Rxg5+ Nxg5 36.h7+ Nxh7
37.Rg2+ Kh8 38.Rh2 Qg1+  0-1

[Event "Lev Polugaevsky Mem"]
[Site "Samara RUS"]
[Date "2011.07.05"]
[Round "1"]
[White "Purygin,A"]
[Black "Zasypkina,E"]
[Result "1-0"]
[WhiteElo "2278"]
[BlackElo "1874"]

1.e4 c5 2.Nf3 d6 3.d4 cxd4 4.Nxd4 Nf6 5.Nc3 Nc6 6.Bg5 Bd7 7.Bc4 Qa5 8.Bxf6 gxf6
9.O-O Qc5 10.Nxc6 bxc6 11.Qe2 Bg7 12.Kh1 O-O 13.f4 f5 14.Bd3 Rfe8 15.exf5 Bxf5
16.Ne4 Bxe4 17.Qxe4 f5 18.Qe6+ Kh8 19.Bxf5 Qd5 20.Rae1 Qxe6 21.Rxe6 Bf6 22.g4 Kg7
23.g5 Bxb2 24.Rfe1 Rab8 25.Rxe7+ Rxe7 26.Rxe7+ Kf8 27.Rxa7 Bc1 28.Rxh7 Rb1
29.g6 Bxf4+ 30.Kg2 Be5 31.h4 Rb5 32.Bd3  1-0

[Event "Asian Zonal 3.1 Men"]
[Site "Sharjah UAE"]
[Date "2011.07.05"]
[Round "1"]
[White "Khouri,I"]
[Black "Salem,AR"]
[Result "1/2-1/2"]
[WhiteElo "2212"]
[BlackElo "2493"]

1.e4 c5 2.Nf3 d6 3.d4 cxd4 4.Nxd4 Nf6 5.Nc3 Nc6 6.Bg5 e6 7.Qd2 a6 8.O-O-O Bd7
9.f4 Be7 10.Nxc6 Bxc6 11.Bd3 O-O 12.Kb1 b5 13.Qe3 Qc7 14.Ne2 Bb7 15.h4 Rfc8
16.Bxf6 Bxf6 17.g4 Qc5 18.Qd2 g6 19.g5 Bg7 20.h5 a5 21.Rhf1 d5 22.e5 b4 23.Ng3 a4
24.Qf2 Qc7 25.Ne2 Ba6 26.Qf3 b3 27.cxb3 axb3 28.axb3 Qa5 29.Bxa6 Rxa6 30.Nc3 Rb8
31.Na4 Qb4 32.Qe2 Ra7 33.Rf3 Bf8 34.Rc1 Qa5 35.Qd3 Rab7 36.Qc2 Rb4 37.hxg6 hxg6
38.Rh3 Qb5 39.Rch1 Bg7 40.Qh2 Kf8 41.Rh8+ Ke7 42.Rxb8 Qxb8 43.Qf2 Kf8 44.Rc1 Kg8
45.Nc5 Qa7 46.Qd2 Rb8 47.Qc3  1/2-1/2

[Event "38th ch-IND w Challengers"]
[Site "Chennai IND"]
[Date "2011.07.06"]
[Round "7"]
[White "Pon,N"]
[Black "Sandhya,G"]
[Result "1-0"]
[WhiteElo "2075"]
[BlackElo "1828"]

1.e4 c5 2.Nf3 d6 3.d4 cxd4 4.Nxd4 Nf6 5.Nc3 Nc6 6.Bg5 e6 7.Qd2 a6 8.O-O-O Bd7
9.f4 b5 10.Qe3 Be7 11.Bxf6 gxf6 12.f5 Nxd4 13.Qxd4 e5 14.Qe3 Bc6 15.Be2 Qc7
16.Nd5 Bxd5 17.Rxd5 h5 18.g3 Rc8 19.Qb3 Qc6 20.Kb1 h4 21.g4 Kd7 22.Rxb5 Qxe4
23.Rb7+ Ke8 24.Bf3 Qc4 25.Qxc4 Rxc4 26.h3 a5 27.Rb8+ Bd8 28.Rd1 Ke7 29.Bd5 Rc5
30.c4 Re8 31.a3 Rf8 32.b4 axb4 33.axb4 Rc7 34.Ra8 Re8 35.b5 Rc5 36.Kb2 Bb6
37.Rxe8+ Kxe8 38.Bc6+ Ke7 39.Kc3 e4 40.Bxe4 Re5 41.Kd3 Rc5 42.Bd5 Rc7 43.Ra1 Ra7
44.Ra6 Rxa6 45.bxa6 Ke8 46.Ke4 Ke7 47.Kf4 Kf8 48.Bc6 Ke7 49.Ke4 Ba7 50.Kd5 Bc5
51.Ba4 Kd8 52.Kc6 Kc8 53.Bc2 Kb8 54.Be4 Ka7 55.Kb5 Kb8 56.Bd5 Kc7 57.Bxf7 Bd4
58.Be6 Be5 59.Bd5 Bd4 60.Bc6 Kb8 61.Bb7 Kc7 62.Bd5 Kd7 63.Be6+ Kc7 64.Kb4 Kb6
65.Bc8 Kc7 66.Bb7 Kb6 67.Kb3 Kc7 68.Kc2 Kd7 69.Kd3 Bc5 70.Ke4 Ke7 71.Bc8 Kd8
72.Be6 Kc7 73.Kf4 Bb4 74.Bd5 Kb6 75.Bb7 Kc7 76.Ke4 Bc5 77.g5 fxg5 78.f6 Kd7
79.Kf5 Ke8 80.Kxg5 Bf2 81.Kf5 Bc5 82.Ke6 Kf8 83.Bd5 Ke8 84.f7+ Kf8 85.Kd7 Kg7
86.Ke8  1-0

[Event "Asian Zonal 3.1 Men"]
[Site "Sharjah UAE"]
[Date "2011.07.06"]
[Round "2"]
[White "El Jawich,A"]
[Black "Al Hadarani,H"]
[Result "1/2-1/2"]
[WhiteElo "2125"]
[BlackElo "2280"]

1.e4 c5 2.Nf3 Nc6 3.d4 cxd4 4.Nxd4 Nf6 5.Nc3 d6 6.Bg5 e6 7.Qd2 Be7 8.Nxc6 bxc6
9.Bd3 h6 10.Bh4 Rb8 11.Rb1 O-O 12.Qe2 e5 13.O-O Be6 14.Rfd1 Qc7 15.b3 Rb4
16.Bxf6 Bxf6 17.Na4 Be7 18.c3 Rbb8 19.c4 f5 20.exf5 Bxf5 21.Nc3 Bxd3 22.Rxd3 Rf6
23.Ne4 Rg6 24.Rbd1 Rf8 25.Qd2 Rd8 26.Qe2 Qc8 27.Ng3 Rf8 28.Ne4 Rd8 29.Ng3 Qe6
30.Qe4 Rc8 31.Qf5 Bf8 32.Ne4 Rd8 33.Qxe6+ Rxe6 34.Nc5 Rg6 35.Nb7 Rd7 36.Nc5 Rf7
37.Ne4 Rd7 38.Nc5 Rc7 39.Ne4 Rd7 40.Nc5 Rc7 41.Ne4 Rd7 42.Nc5 Rf7 43.Ne4 Rd7
44.Nc5 Rf7 45.Ne4 Rd7 46.b4  1/2-1/2

[Event "ch-BEL Open"]
[Site "Antwerp BEL"]
[Date "2011.07.07"]
[Round "6.14"]
[White "Sneppe,H"]
[Black "Van Herck,M"]
[Result "1/2-1/2"]
[WhiteElo "1962"]
[BlackElo "2121"]

1.e4 c5 2.Nf3 d6 3.d4 cxd4 4.Nxd4 Nf6 5.Nc3 Nc6 6.Bg5 Bd7 7.Bxf6 gxf6 8.Qd2 Rc8
9.O-O-O Nxd4 10.Qxd4 Qa5 11.Kb1 Qc5 12.Be2 Bg7 13.Qxc5 Rxc5 14.Rd5  1/2-1/2

[Event "6th Polonia Wroclaw Open A"]
[Site "Wroclaw POL"]
[Date "2011.07.07"]
[Round "5"]
[White "Cukrowski,F"]
[Black "Mondrzycki,B"]
[Result "1-0"]
[WhiteElo "2113"]
[BlackElo "2055"]

1.e4 c5 2.Nf3 Nc6 3.d4 cxd4 4.Nxd4 Nf6 5.Nc3 d6 6.Bg5 Bd7 7.Be2 Qa5 8.Bxf6 gxf6
9.O-O Rg8 10.Nd5 Bh3 11.Bf3 Ne5 12.Ne3 Bh6 13.Ndf5 Bxe3 14.Nxe3 O-O-O 15.Kh1 Be6
16.c4 Kb8 17.Be2 Rc8 18.b3 Nc6 19.f4 f5 20.Bf3 Qc5 21.Re1 Nd4 22.Rc1 Nxf3
23.Qxf3 fxe4 24.Qxe4 Bd7 25.Qxe7 Bc6 26.Rcd1 Rce8 27.Qxd6+ Qxd6 28.Rxd6 Re4
29.Nc2 Rxe1+ 30.Nxe1 Re8 31.Nf3 Re2 32.Kg1 Rxa2 33.Rd2 Ra1+ 34.Kf2 Rb1 35.Nd4 Kc7
36.Ke3 Kb6 37.Kd3 Kc5 38.Kc3 a5 39.g3 a4 40.Re2 axb3 41.Nxb3+ Kb6 42.Nd4 Kc5
43.Re5+ Kd6 44.Nf5+ Kc7 45.Re7+ Kb6 46.Rxf7 Kc5 47.Ne3 Ra1 48.Rf5+ Kd6 49.Rh5 Be4
50.Kd4 Bb1 51.Rb5 Kc6 52.Nd5  1-0

[Event "6th Polonia Wroclaw Open A"]
[Site "Wroclaw POL"]
[Date "2011.07.07"]
[Round "6"]
[White "Iwanow,A"]
[Black "Piotrowski,P"]
[Result "1-0"]
[WhiteElo "2162"]
[BlackElo "1956"]

1.e4 c5 2.Nf3 d6 3.d4 cxd4 4.Nxd4 Nf6 5.Nc3 Nc6 6.Bg5 e6 7.Qd2 a6 8.f3 Bd7
9.O-O-O Be7 10.h4 Rc8 11.Nxc6 Bxc6 12.g4 b5 13.Bd3 Qa5 14.Kb1 b4 15.Ne2 h6
16.Be3 Nd7 17.Nd4 Nc5 18.Nxc6 Rxc6 19.g5 Na4 20.Qg2 h5 21.f4 O-O 22.e5 d5
23.g6 f5 24.Qf3 Nc3+ 25.bxc3 bxc3 26.Ka1 Ba3 27.Qxh5 Bb2+ 28.Kb1 Re8 29.Qh7+ Kf8
30.Qh8+ Ke7 31.Qxg7+ Kd8 32.Qb7 Qc7 33.Qxc7+ Kxc7 34.a3 Bxa3 35.Ka2 Bb2 36.g7 Rb8
37.Rdg1 Rb4 38.g8=Q d4 39.Rg7+ Kb6 40.Qd8+  1-0

[Event "ch-BEL Open"]
[Site "Antwerp BEL"]
[Date "2011.07.08"]
[Round "7.3"]
[White "Sadkowsky,D"]
[Black "Bomans,A"]
[Result "1-0"]
[WhiteElo "2258"]
[BlackElo "2198"]

1.e4 c5 2.Nf3 d6 3.d4 cxd4 4.Nxd4 Nf6 5.Nc3 Nc6 6.Bg5 e6 7.Qd2 a6 8.O-O-O Bd7
9.f3 Be7 10.h4 h6 11.Be3 h5 12.Kb1 Ne5 13.Qe1 Qc7 14.Bg5 b5 15.f4 Neg4 16.Bd3 Qc5
17.Nb3 Qc7 18.a3 Rb8 19.Qe2 b4 20.axb4 Rxb4 21.Rhe1 e5 22.fxe5 dxe5 23.Bxa6 O-O
24.Nd5 Nxd5 25.exd5 Bd6 26.Bd2 Ra4 27.Bb5 Bf5 28.Bxa4 Bxc2+ 29.Ka2 Ra8 30.Qb5 Qa7
31.Na5 Bxd1 32.Rxd1 Bc7 33.b4 Nf2 34.Rc1 Ne4 35.Be1 Qe3 36.Qc4 Bd6 37.Kb2 Rxa5
38.bxa5 Ba3+ 39.Kb1 Nc5 40.Bc6 Bxc1 41.Qxc1 Qb3+ 42.Ka1 Nd3 43.Qc3 Qd1+ 44.Ka2 Nxe1
45.a6 Qe2+ 46.Kb3 Qd1+ 47.Kc4 Qe2+ 48.Kc5 Nd3+ 49.Kd6 Nf2 50.Qa3 Ne4+ 51.Kc7 Qc4
52.a7 Nc3 53.a8=Q+ Kh7 54.Q8a5 Ne2 55.Q5a4  1-0

[Event "38th ch-IND w Challengers"]
[Site "Chennai IND"]
[Date "2011.07.08"]
[Round "9"]
[White "Pratyusha,B"]
[Black "Nimmy,A"]
[Result "1/2-1/2"]
[WhiteElo "2064"]
[BlackElo "2222"]

1.e4 c5 2.Nf3 d6 3.d4 cxd4 4.Nxd4 Nf6 5.Nc3 Nc6 6.Bg5 e6 7.Qd2 a6 8.O-O-O h6
9.Nxc6 bxc6 10.Bf4 d5 11.Qe3 Qa5 12.Be2 dxe4 13.Qg3 Nd5 14.Bd2 Nxc3 15.Bxc3 Qg5+
16.Qxg5 hxg5 17.Rd4 f5 18.Rc4 c5 19.Ra4 Kf7 20.Be5 Be7 21.Rd1 Rd8 22.a3 Bb7
23.Rxd8 Bxd8 24.b4 Be7 25.Kb2 cxb4 26.axb4 Bc6 27.Rxa6 Rxa6 28.Bxa6 Bxb4
29.Bd4 e3 30.Bxe3 f4 31.Bb6 Bxg2 32.Be2 f3 33.Bd1 Bd6 34.h3 e5 35.c4 e4 36.Bc2 Bxh3
37.Bxe4 g4 38.Kc2 g3 39.fxg3 Bxg3 40.Bxf3  1/2-1/2

[Event "38th ch-IND w Challengers"]
[Site "Chennai IND"]
[Date "2011.07.08"]
[Round "9"]
[White "Preethi,R"]
[Black "Lasya,G"]
[Result "0-1"]
[WhiteElo "2065"]
[BlackElo "1898"]

1.e4 c5 2.Nf3 d6 3.d4 Nf6 4.Nc3 cxd4 5.Nxd4 Nc6 6.Bg5 e6 7.Qd2 a6 8.O-O-O Bd7
9.Be2 b5 10.Qe3 Be7 11.a3 Ng4 12.Bxg4 Bxg5 13.f4 Be7 14.Kb1 Na5 15.f5 Nc4
16.Qe2 e5 17.Nb3 Bc6 18.Nd5 Bxd5 19.Rxd5 Qb6 20.Nd2 Rb8 21.Nxc4 bxc4 22.c3 Qb3
23.Ka1 O-O 24.Rb1 Rb7 25.Qd1 Qb6 26.Qg1 Qc6 27.Qd1 Rb3 28.Qc2 Rfb8 29.Bd1 Qb6
30.Qc1 Bg5 31.Qc2 Be3 32.Be2 Qc6 33.Qd1 Qa4 34.Ka2 Bc5 35.Rxc5 dxc5 36.Qd2 Qb5
37.Qc1 Qc6 38.Bxc4 R3b6 39.Bd5 Qh6 40.Qc2 Qxh2 41.b3 Qg3 42.Rd1 a5 43.Rd3 Qe1
44.Rd1 Qh4 45.a4 g6 46.Qe2 Kg7 47.Qe3 Qg4 48.Rf1 Rf6 49.Qxc5 Qe2+ 50.Ka3 Qxf1
51.b4 Qa1+ 52.Kb3 axb4 53.cxb4 Ra6 54.Bc6 Qb1+ 55.Ka3 Rxc6 56.Qxe5+ f6  0-1

[Event "TCh-TUR 2011"]
[Site "Konya TUR"]
[Date "2011.07.08"]
[Round "12"]
[White "Erdogdu,M"]
[Black "Afyoncu,O"]
[Result "1-0"]
[WhiteElo "2434"]
[BlackElo "2112"]

1.e4 c5 2.Nf3 d6 3.d4 cxd4 4.Nxd4 Nf6 5.Nc3 Nc6 6.Bg5 e6 7.Qd2 a6 8.O-O-O h6
9.Be3 Nxd4 10.Bxd4 b5 11.f3 Bb7 12.Kb1 Rc8 13.Bd3 Nd7 14.g4 Ne5 15.Qe3 Qc7
16.a3 Nc6 17.Bb6 Qb8 18.h4 Be7 19.g5 h5 20.Rhf1 Ba8 21.f4 Qb7 22.e5 dxe5
23.fxe5 g6 24.Bc5 O-O 25.Bxe7 Nxe7 26.Ne4 Rcd8 27.Nd6 Qc7 28.Rd2 Nc6 29.Be2 b4
30.Bf3 bxa3 31.Bxc6 Bxc6 32.Qxa3 Bd5 33.Rdf2 f5 34.gxf6 Rxd6 35.f7+ Kg7 36.exd6 Qc6
37.Qg3  1-0

[Event "St Pauli Open"]
[Site "Hamburg GER"]
[Date "2011.07.09"]
[Round "1.24"]
[White "Powierski,E"]
[Black "Korba,R"]
[Result "0-1"]
[WhiteElo "2019"]
[BlackElo "2213"]

1.e4 c5 2.Nf3 d6 3.d4 cxd4 4.Nxd4 Nf6 5.Nc3 Nc6 6.Bg5 e6 7.Qd2 a6 8.O-O-O Bd7
9.f3 h6 10.Be3 h5 11.Bg5 Be7 12.h4 Qc7 13.Kb1 Rc8 14.Nxc6 Bxc6 15.Bd3 b5
16.Ne2 Bd7 17.Rhe1 a5 18.Nd4 Qb6 19.Be3 Qb7 20.Qxa5 Ra8 21.Qc3 b4 22.Qd2 O-O
23.Nb3 e5 24.Nc1 Be6 25.Bg5 Rfc8 26.a3 bxa3 27.b3 a2+ 28.Ka1 d5 29.Qf2 Bc5
30.Be3 Qb4 31.Ne2 d4 32.Bd2 Qb6 33.Nc1 Ba3 34.Ne2 Bxb3  0-1

[Event "8th South Wales Int"]
[Site "Penarth WLS"]
[Date "2011.07.09"]
[Round "2.20"]
[White "Turner,Jos"]
[Black "Taylor,RG"]
[Result "1/2-1/2"]
[WhiteElo "1974"]
[BlackElo "1978"]

1.e4 c5 2.Nf3 Nc6 3.d4 cxd4 4.Nxd4 Nf6 5.Nc3 d6 6.Bg5 e6 7.Bb5 Bd7 8.O-O Be7
9.Re1 O-O 10.Qd2 Qc7 11.Rad1 Rad8 12.Nf3 a6 13.Ba4 b5 14.Bb3 Bc8 15.Qf4 Bb7
16.Ne2 Na5 17.Ng3 Nxb3 18.cxb3 Ne8 19.Qh4 Bxg5 20.Qxg5 f6 21.Qe3 Qf7 22.Rc1 Qe7
23.Nd4 Qd7 24.Rc2 e5 25.Nde2 d5 26.exd5 Qxd5 27.f3 Qd3 28.Qxd3 Rxd3 29.Nc1 Rd8
30.b4 Rf7 31.Nb3 Nc7 32.Nc5 Ba8 33.Nf5 Kf8 34.Kf2 g6 35.Nh6 Re7 36.Ng4 Kf7
37.Rec1 Rd4 38.a3 f5 39.Ne3 Rd6 40.g4 Kf6 41.gxf5 gxf5 42.Nf1 Ne6 43.Nxe6 Rdxe6
44.Rc8 Bb7 45.Rf8+ Rf7 46.Rxf7+ Kxf7 47.Ne3 Kf6 48.Rc7 Re7  1/2-1/2